000 00605nam a2200193 i 4500
001 185775
003 ES-MaACL
005 20251003063159.0
008 160808q1922 gw |||| | ger d
100 1 _aWeber, Otto,
_d1877-1928
_9160378
245 1 4 _aDie Kunst der Hethiter /
_cmit einer Einleitung von Otto Weber.
260 _aBerlin :
_bE. Wasmuth A. G.,
_c[1922]
300 _a19 p., 48 p. de lám. ;
_c26 cm.
490 1 _aOrbis pictus ;
_v9
650 7 _aArte hitita
_2embne
_9146685
830 0 _aOrbis pictus ;
_v9
_9192388
852 _aES-MaACL
_jG-13363
999 _c185775
_d185775